Stade Rennais - Tous les joueurs de 2010 à 2025 - Statistiques

Statistiques générales
  • Ce quiz a été pris 1 367 fois
    562 depuis la dernière actualisation
  • Le résultat moyen est 73 sur 207
Statistiques - réponses
Saisons Nationalités Joueur Nombre
De Matchs
Poste % Correct
2017 - 2024 France BenjaminBourigeaud 310 M
92%
2017 - 2023 Mali HamariTraoré 239 D
86%
2022 - 2025 France SteveMandanda 102 G
81%
2011 - 2017 France BenoitCostil 255 G
80%
2020 - 2024 France MarvinTerrier 141 A
80%
2006 - 2018 France RomainDanzé 376 D
80%
2020 - 2025 France AdrienTruffert 191 D
78%
2014 - 2019 France BenjaminAndré 184 M
76%
2024 - France BriceSamba 18 G
76%
2018 - 2021 France EduardoCamavinga 88 M
73%
2015 - 2016 France OusmaneDembélé 29 A
70%
2022 - 2025 Algérie AmineGouiri 103 A
69%
2014 - 2019 Mozambique EdsonMexer 143 D
69%
2020 - 2023 Belgique JérémyDoku 89 A
69%
2022 - 2024 France DésiréDoué 76 M/A
68%
2022 - 2024 Cote D'ivoire GuélaDoué 35 D
68%
2019 - 2020 Brésil Raphinha 36 A
67%
2018 - 2019 France HatemBen Arfa 41 M
66%
2024 - CoteD'Ivoire SekoFofana 17 M
66%
2020 - 2022 Maroc NayefAguerd 80 D
65%
2017 - 2019 RépubliqueTchèque TomasKoubek 83 G
65%
2022 - 2025 France ArnaudKalimuendo 112 A
64%
2023 - France LudovicBlas 73 M
64%
2017 - 2019 Sénégal IsmailaSarr 77 A
63%
2019 - 2020 Sénégal EdouardMendy 34 G
62%
2021 - 2023 Croatie LovroMajer 77 M
62%
2018 - 2021 Sénégal M'bayeNiang 92 A
62%
2018 - 2021 France DamienDa Silva 118 D
61%
2022 - 2024 Belgique ArthurTheate 82 D
59%
2024 - Finlande GlenKamara 13 M
59%
2020 - 2025 France LorenzAssignon 98 D
59%
2023 - France JérémyJacquet 12 D
58%
2016 - 2019 Algérie RamyBensebaini 98 D
58%
2020 - 2022 Guinée SerhouGuirassy 81 A
58%
2013 - 2017 Pologne KamilGrosicki 92 A
57%
2003 - 20062015 - 2018 France YoannGourcuff 133 M
57%
2013 - 2017 Cameroun Paul - GeorgesNtep 81 A
56%
2020 - 2024 Comores WarmedOmari 94 D
55%
2012 - 20142016 - 2021 France AdrienHunou 160 A
54%
2021 - 2025 France BaptisteSantamaria 127 M
54%
2021 - 20232024 - Turquie DoganAlemdar 23 G
53%
2018 - 2021 France ClémentGrenier 93 M
52%
2024 - 2025 Pays De Galles JordanJames 25 M
52%
2024 - France LilianBrassier 14 D
52%
2023 - Ghana AliduSeidu 26 D
51%
2019 - 2023 France FlavienTait 129 M
51%
2020 - 2023 Sénégal AlfredGomis 59 G
49%
2024 - Pays - Bas HansHateboer 28 D
49%
2011 - 2014 BurkinaFaso JonathanPitroipa 112 A
49%
2023 - France DjaouiCissé 16 M
48%
2019 - 2020 Madagascar JérémyMorel 28 D
48%
2015 - 2019 Algérie MehdiZeffane 66 D
48%
2021 - 2023 Norvège BirgerMeling 73 D
47%
2021 - 2022 France GaetanLaborde 47 A
47%
2013 - 2017 France SylvainArmand 121 D
47%
2022 - 2025 Cameroun ChristopherWooh 58 D
46%
2024 - 2025 Norvège LeoOstigard 18 D
46%
2024 - Cote D'ivoire Mohamed KaderMeité 13 A
46%
2023 - France GauthierGallon 7 G
45%
2024 - 2025 Danemark AlbertGronbaek 18 M
44%
2023 - 2024 Suisse FabianRieder 21 M
44%
2021 - 2023 Ghana KamaldeenSulemana 47 A
44%
2021 - 2022 France MathysTel 10 A
44%
2009 - 20142015 - 2016 2017 - 2019 Sénégal AbdoulayeDiallo 32 G
43%
2024 - 2025 Colombie CarlosAndrés Gomez 19 A
43%
2016 - 2017 France NamakoroDiallo 1 D
43%
2013 - 2015 Suède OlaToivonen 54 M
43%
2012 - 2013 Guinée SadioDiallo 40 M
43%
2008 - 20092010 - 2011 Guinée Abdoul RazzaguiCamara 33 A
42%
2014 - 2017 Suisse GelsonFernandes 101 M
42%
2022 - 2024 Maroc IbrahimSalah 47 A
42%
2016 - 2021 Cameroun James LéaSiliki 113 M
42%
2022 - 2023 Pays DeGalles JoeRodon 22 D
42%
2015 - 2016 Colombie Juan FernandoQuintero 14 M
42%
2023 - 2024 Serbie NemanjaMatic 19 M
42%
2012 - 2015 Cameroun Jean IIMakoun 68 M
41%
2023 - Cameroun MahamadouNagida 22 D
41%
2019 - 2021 France StevenNzonzi 46 M
41%
2023 - 2024 Turquie BertugYildirim 28 A
40%
2024 - 2025 Canada IsmaelKone 13 M
40%
2011 - 2014 France JulienFeret 111 M
40%
2011 - 2013 Turquie MevlutErding 55 A
40%
2024 - Jordanie MousaTamari 11 A
40%
2022 - 2023 Angleterre DjedSpence 10 D
39%
2015 - 20182019 - 2020 Cote D'ivoire JorisGnagnon 110 D
39%
2018 - 2021 France RomainDel Castillo 104 A
39%
2017 - 2018 Tunisie WahbiKhazri 29 A
39%
2024 - France AnthonyRouault 11 D
38%
2014 - 2017 Brésil PedroHenrique 81 A
37%
2012 - 2014 France RomainAlessandrini 60 A
37%
2009 - 2013 France YannM'Vila 150 M
37%
2023 - 2025 Pays - Bas AzorMatusiwa 47 M
36%
2015 - 2017 Cote D'ivoire GiovanniSio 72 A
36%
2010 - 2015 Cameroun Jean - ArmelKana - Biyik 138 D
36%
2019 - 2022 France JonasMartin 54 M
36%
2008 - 2011 France NicolasDouchez 129 G
35%
2020 - 2021 Italie DanieleRugani 2 D
34%
2023 - 2024 France EnzoLe Fée 35 M
34%
2020 - 2021 France GeorginioRutter 5 A
34%
2017 - 20202021 - 2022 France JérémyGélin 84 D
34%
2012 - 2016 Mali AbdoulayeDoucouré 92 M
33%
2019 - 2023 France RomainSalin 28 G
32%
2014 - 20152016 - 2018 Bosnie SanjinPrcic 68 M
32%
2024 - 2025 Portugal Jota 10 A
31%
2020 - 2023 France LesleyUgochukwu 60 M
31%
2015 - 2019 France LudovicBaal 81 D
31%
2021 - 2023 France MatthisAbline 25 A
31%
2020 - 2021 Brésil Dalbert 18 D
30%
2018 - 2020 États - Unis JordanSiébatcheu 44 A
30%
2015 - 2017 Portugal PedroMendes 44 D
30%
2021 - 2024 France JeanuelBelocian 38 D
29%
2022 - 2023 Cameroun KarlToko Ekambi 19 A
29%
2021 - 2022 France LoicBadé 22 D
29%
2017 - 20182019 - 2021 France FaitoutMaouassa 80 D
27%
2014 - 2017 RépubliqueCentrafricaine HabibHabibou 33 A
27%
2024 - 2025 Japon KyogoFuruhashi 6 A
27%
2018 - 2020 France SachaBoey 12 D
27%
2010 - 2013 Colombie Victor HugoMontano 87 A
27%
2012 - 2015 Norvège AndersKonradsen 60 M
26%
2024 - 2025 Danemark HenrikMeister 4 A
26%
2010 - 2014 Ghana JohnBoye 74 D
26%
2013 - 2014 Portugal NelsonOliveira 36 A
26%
2010 - 2012 Algérie YacineBrahimi 54 A
26%
2012 - 2013 France AlouDiarra 13 M
25%
2011 - 2013 Mali CheickDiarra 21 A
25%
2015 - 2018 AfriqueDu Sud KermitErasmus 12 A
25%
2024 - 2025 Sénégal MikayilFaye 12 D
25%
2007 - 2011 France RodFanni 133 D
25%
2018 - 2021 Cote D'ivoire YannGboho 32 M/A
25%
2007 - 2011 France JeromeLeroy 152 M
24%
2008 - 2013 France Kévin Théophile - Catherine 117 D
24%
2022 - 2023 Portugal Xeka 9 M
24%
2020 - 2021 France BrandonSoppy 11 D
23%
2005 - 20072008 - 2010
2011 - 2014
Sénégal CheickN'diaye 7 G
23%
2013 - 2016 Sénégal CheikhM'Bengue 89 D
23%
2016 - 2017 France ClémentChantome 8 M
23%
2016 - 2018 RépubliqueDémocratique Du Congo FirminMubele 37 A
23%
2019 - 2020 RépubliqueDémocratique Du Congo PépéBonet 1 G
23%
2013 - 2016 Cap - Vert StevenMoreira 73 D
23%
2012 - 20142016 - 2017 France WesleySaid 39 A
23%
2014 - 20152016 - 2017 Albanie ErmirLenjani 9 D
22%
2007 - 2011 France FabienLemoine 121 M
22%
2018 - 2020 Suède JakobJohansson 22 M
22%
2024 - 2025 Belgique KazeemOlaigbe 10 A
22%
2018 - 2020 Cote D'ivoire SouleymanDoumbia 12 D
22%
2009 - 2012 Mali TongoDoumbia 60 M
22%
2011 - 2015 France VincentPajot 103 ,M
22%
2008 - 2012 Sénégal Abdou KaderMangane 128 D
21%
2022 - 20232024 - 2025 Gabon AlanDo Marcolino 3 A
21%
2008 - 2011 Ghana AsamoahGyan 53 A
21%
2017 - 2018 Sénégal DiafraSakho 16 A
21%
2014 - 2015 Autriche PhilippHosiner 13 A
21%
2020 - 2022 France AndyDiouf 7 M
20%
2024 - 2025 Belgique AyandaSishuba 1 M
20%
2017 - 2021 Cameroun GerzinoNyamsi 38 D
20%
2015 - 2016 Cote D'ivoire JérémieBoga 31 A
20%
2010 - 2014 Nigéria OnyekachiApam 31 D
20%
2016 - 2017 Algérie RaisM'Bolhi 1 G
20%
2019 - 2020 France Lucas Da Cunha 5 M/A
19%
2017 - 2018 Espagne BrandonThomas 12 A
18%
2014 - 20152016 - 2017 Belgique ChristianBruls 12 M
18%
2014 - 2016 Sénégal FallouDiagne 42 D
18%
2005 - 20072011 - 2012 Maroc YoussoufHadji 73 A
18%
2016 - 2018 Portugal AfonsoFigueiredo 11 D
17%
2009 - 2012 Norvège AlexanderTettey 81 M
17%
2013 - 2014 Algérie FouedKadir 32 M
17%
2006 - 2012 France JirèsKembo - Ekoko 141 A
17%
2016 - 2018 France MorganAmalfitano 21 M
17%
2013 - 2014 France TiemouéBakayoko 28 M
17%
2016 - 2017 France AdamaDiakhaby 29 A
16%
2011 - 2013 RepubliqueDémocratique Du Congo ChrisMavinga 53 D
16%
2005 - 20082012 - 2013 Ghana JohnMensah 72 D
16%
2017 - 2018 Guadeloupe JordanTell 6 A
15%
2015 - 2019 France NicolasJanvier 15 M
15%
2018 - 2020 Algérie RafikGuitane 4 M
15%
2018 - 2019 France ArmandLaurienté 2 A
14%
2015 - 20172018 - 2019 France Denis Will Poha 7 M
14%
2010 - 2012 France StéphaneDalmat 45 M
14%
2015 - 2016 Mali YacoubaSylla 23 M
14%
2011 - 2013 Guadeloupe DimitriFoulquier 22 D
13%
2023 - 2024 France MathisLambourde 3 A
13%
2024 - 2025 France NaouirouAhamada 5 M
13%
2010 - 2012 Togo RazakBoukari 51 A
13%
2013 - 2014 Argentine SilvioRomero 14 A
13%
2006 - 2011 France SylvainMarveaux 120 M
13%
2011 - 2013 Sénégal AbdoulayeSané 18 A
12%
2012 - 20132014 - 2015 France AxelNgando 4 M
12%
2009 - 2011 Guinée IsmaelBangoura 42 A
12%
2021 - 2022 France LoumTchaouna 14 A
12%
2013 - 2015 Irak ZanaAllée 6 M
12%
2015 - 2017 Guadeloupe DimitriCavaré 5 D
11%
2013 - 2014 Brésil Emerson 14 D
11%
2010 - 2012 Cameroun GeorgesMandjeck 41 M
11%
2010 - 2011 Pays - Bas JohnVerhoek 8 A
11%
2016 - 2017 France PaulNardi 1 G
11%
2015 - 2016 France SébastienSalles - Lamonge 4 M
11%
2016 - 2017 RépubliqueDémocratique Du Congo AldoKalulu 11 A
10%
2014 - 2015 MacédoineDu Nord GjokoZajkov 1 D
10%
2013 - 2014 Bénin CédricHountondji 20 D
8%
2010 - 2011 France JohannCarrasso 4 G
8%
2010 - 2013 Maroc YassineJebbour 20 D
8%
2010 - 2011 France SamuelSouprayen 20 D
7%
2012 - 2013 RépubliqueDémocratique Du Congo HéritaIlunga 5 D
6%
2012 - 2013 Nigéria EjikeUzoenyi 1 A
4%
2010 - 2011 France FranckJulienne 1 A
4%
2021 - 2022 France JuniorKadile 1 A
4%
2012 - 2013 France KévinBeauverger 1 D
4%
Aucun quiz correspondant
Distribution des résultats
% des personnes avec chaque résultat
Percentile par nombre de réponses
Votre historique - résultats
Vous n’avez pas pris ce quiz depuis la dernière actualisation